Habitación número cinco / (Record no. 86387)

MARC details
000 -LEADER
campo de control de longitud fija 00498nam a2200157 i 4500
001 - NÚMERO DE CONTROL
campo de control 86387
003 - IDENTIFICADOR DE NÚMERO DE CONTROL
campo de control ES-MaACL
007 - CAMPO FIJO DE DESCRIPCIÓN FÍSICA--INFORMACIÓN GENERAL
campo de control de longitud fija t|
008 - DATOS DE LONGITUD FIJA--INFORMACIÓN GENERAL
campo de control de longitud fija 041209s1954 sp ||||1| spa d
100 1# - ENTRADA PRINCIPAL--NOMBRE DE PERSONA
Nombre de persona Karmel, Ilona.
9 (RLIN) 67570
245 10 - MENCIÓN DEL TÍTULO
Título Habitación número cinco /
Mención de responsabilidad, etc. Ilona Karmel ; [versión española de José Luis Z. López Anaya].
260 ## - PUBLICACIÓN, DISTRIBUCIÓN, ETC.
Lugar de publicación, distribución, etc. Barcelona :
Nombre del editor, distribuidor, etc. Exito,
Fecha de publicación, distribución, etc. [1954] (
Fabricante Duplex)
300 ## - DESCRIPCIÓN FÍSICA
Extensión 379 p. ;
Dimensiones 20 cm.
700 1# - ENTRADA AGREGADA--NOMBRE PERSONAL
Nombre de persona López Anaya, José Luis Z.
9 (RLIN) 73403
852 ## - LOCALIZACIÓN
Ubicación ES-MaACL
Número de control de estantería C-8403
Sublocalización o colección R.36702
Holdings
Estatus retirado Estado de pérdida Estado de daño No para préstamo Biblioteca de origen Biblioteca actual Ubicación en estantería Fecha de adquisición Fuente de adquisición Total de préstamos Signatura topográfica completa Código de barras Visto por última vez Precio de reemplazo Tipo de ítem Koha
        Biblioteca del Ateneo de Madrid Biblioteca del Ateneo de Madrid Sala Palomar 17/01/2008     C-8403 1090257 23/02/2023 23/02/2023 Libro impreso